Loading...
| Literature - American | 2 | 3 | 0 | 0 | 60 | 56 | 96.60 | 0 | 4 | 18.43 | 40.28 |
| Literature - British | 1 | 5 | 2 | 1 | 55 | 45 | 100.00 | 1 | 3 | 18.75 | 43.06 |
| Literature - World | 1 | 3 | 0 | 1 | 45 | 65 | 119.00 | 0 | 2 | 8.91 | 20.83 |
| Science - Biology | 0 | 4 | 0 | 1 | 40 | 51 | 80.25 | 1 | 3 | 11.31 | 30.56 |
| Literature - European | 0 | 3 | 0 | 0 | 30 | 102 | 113.67 | 0 | 0 | 7.34 | 15.28 |
| Science - Other | 0 | 3 | 0 | 2 | 30 | 93 | 108.67 | 0 | 1 | 4.49 | 14.06 |
| History - American | 0 | 2 | 0 | 1 | 20 | 102 | 112.00 | 0 | 0 | 2.37 | 4.17 |
| History - European | 0 | 2 | 0 | 2 | 20 | 112 | 119.50 | 0 | 0 | 0.65 | 2.78 |
| Social Science | 0 | 1 | 0 | 0 | 10 | 82 | 82.00 | 0 | 0 | 2.90 | 2.78 |
| Geography | 0 | 1 | 0 | 0 | 10 | 70 | 70.00 | 0 | 1 | 11.11 | 15.63 |
| History - Ancient/Other | 0 | 1 | 0 | 0 | 10 | 92 | 92.00 | 0 | 0 | 2.55 | 1.79 |
| History - World | 0 | 1 | 0 | 1 | 10 | 107 | 107.00 | 0 | 0 | 0.40 | 1.39 |
| Philosophy | 0 | 1 | 0 | 1 | 10 | 129 | 129.00 | 0 | 0 | 0.09 | 1.39 |
| Science - Physics | 0 | 1 | 0 | 1 | 10 | 120 | 120.00 | 0 | 0 | 0.09 | 4.17 |
| Fine Arts - Painting and Sculpture | 0 | 1 | 0 | 1 | 10 | 136 | 136.00 | 0 | 0 | 0.08 | 1.39 |
| Religion | 0 | 1 | 1 | 0 | 5 | 63 | 63.00 | 0 | 0 | 5.77 | 6.94 |
| Science - Chemistry | 0 | 0 | 1 | 0 | -5 | 0.00 | 0 | 0 | 0.00 | 0.00 |